00694nam a2200181 a 4500003000200000005001700002008004100019050003000060100002500090245008900115260009300204300004200297504004100339650003900380650003700419650002900456650002700485020250211092954.0120721s19uu xx 00 eng d aPGS SB 317.5b.P896 2012  aPrado, Aljon Troy K. aEffect of compost on the germination rate of Sunflower seeds /cAljon Troy K. Prado. aLas Piñas City, Philippines : bSouthville International School and Colleges, c2012. a15 pages :billustrations ; c28 cm.  aIncludes bibliographical references. aSeed germinationvSoil amendments. aSeedsvEffect of fertilizers on. aSunflowersvGermination. aCompost as fertilizer.